000 00673nam a2200289Ia 4500
005 20260324121009.0
008 008 260324s9999 xx 000 0 eng d
020 _a9780429067693
037 _aEBOOK
040 _aCRL
040 _beng
040 _cCRL
041 _2eng
041 _aeng
084 _qCRL
100 _aHarold H. Schobert
_91160786
245 0 _aEnergy and Society
245 3 _bAn Introduction, Second Edition
260 _bTaylor and Francis
260 _c2014
365 _a
365 _b400
856 _uhttp://www.taylorfrancis.com/books/9780429067693
942 _cEBOOK
999 _c1752619
_d1752619